00772nam a2200265 a 4500001001300000003000900013005001700022008004100039020001000080082002000090100002100110245002400131260003300155300000900188500003500197505002800232650002600260650002500286650001900311700002100330902000800351942000700359952012300366999001700489nice12345678IN_TiNIC20260116015244.0050524s1998 kara grp 000 0 eng  ac10000a340.590549bSHA aShaheed, Fareeda aShaping Women`lives aKarachi bShirkat Gah c1998 a492p aincludes index and biblioraphy2 adialogue Nov, 1-7,1991. aMuslim Women-Pakistan aIslamic-Law Pakistan aWomen-Pakistan1 aShaheed, Fareeda bSRS cBK 001040708StackRoom-aHMIbHMId2007-06-04g100.00l0o340.590549 SHAp11000777r2007-06-04v100.00w2005-05-24yBK c18940d18940